|
|
|
|
| LEADER |
00000nam a22000007a 4500 |
| 005 |
2015040902042.0 |
| 007 |
cr|||| |||| |
| 008 |
150409s2014 br |||||s|||| 00||0 por d |
| 020 |
|
|
|a 978-85-8020-386-8
|
| 035 |
|
|
|a 12666
|
| 040 |
|
|
|a vLex
|
| 090 |
|
|
|c 5404
|d 5404
|
| 100 |
1 |
|
|a Martins, Clùdio Još
|
| 245 |
1 |
2 |
|a A importńcia da auditoria ambiental na co-responsabilidade das instituiė̳s financeira
|h [Recurso electrn̤ico] /
|c Clùdio Jos ̌Martins
|
| 256 |
|
|
|a Servicio en ln̕ea
|
| 260 |
|
|
|a San Pablo:
|b Editora NELPA,
|c 2014
|
| 300 |
|
|
|a 1 recurso electrn̤ico
|
| 500 |
|
|
|a Este livro foi baseado em diversas pesquisas bibliografias, por se tratar de um assunto ainda pouco divulgado e ao mesmo tempo polm̊ico. Os temas ambientais transformaram-se em um ponto crt̕ico para os negc̤ios, especialmente para as inds︢trias e instituiė̳s fianceiras. Cada vez mais a questô ambiental est ̀se tornando matřia obrigatr̤ia nos contratos fianceiros. Este assunto encontra-se longe de ter sido sufiientemente, explorado ou esgotado, portanto cabe a recomendaȯ̂ sobre o desenvolvimento de novos trabalhos com amostras de pesquisas praticas mais ampla.
|
| 506 |
1 |
|
|a Disponible solo en los productos indicados
|d vLex Global
|d vLex Global (Academic Edition, excluding Law Schools)
|d vLex Global (U.S. Academic Edition, Law Schools)
|d vLex Global (U.S. Academic Edition, excluding Law Schools)
|d vLex Global (Academic Edition, Law Schools)
|
| 650 |
0 |
4 |
|a Derecho Civil
|z Brasil
|
| 650 |
0 |
4 |
|a Derecho del Medio Ambiente
|z Brasil
|
| 650 |
0 |
4 |
|a La empresa
|z Brasil
|
| 650 |
0 |
4 |
|a Auditora̕ y gestin̤ ecolg̤ica (Eco-auditora̕)
|z Brasil
|
| 740 |
0 |
|
|a vLex Libros (Servicio en ln̕ea)
|
| 856 |
4 |
0 |
|u http://vlex.com/source/import-ncia-da-auditoria-ambiental-na-co-responsabilidade-das-institui-es-financeira-12666
|z Acceso restringido
|
| 942 |
|
|
|c BOOK
|
| 999 |
0 |
|
|a Civil Law
|
| 999 |
0 |
|
|a Environmental Law
|
| 999 |
0 |
|
|a The company
|
| 999 |
0 |
|
|a Audit and environmental management (Eco-audit)
|